Athletics World Records - Statistics

General Stats
  • This quiz has been taken 67 times
    15 since last reset
  • The average score is 27 of 47
Answer Stats
Question Answer % Correct
100m men (9.58) Usain Bolt
100%
200m men (19.19) Usain Bolt
100%
Pole vault men (6.31m) Armand Duplantis
87%
1500m men (3:26.00) Hicham El Guerrouj
80%
800m men (1:40.91) David Rudisha
73%
High jump men (2.45m) Javier Sotomayor
73%
Triple jump men (18.29m) Jonathan Edwards
73%
10,000m men (26:11.00) Joshua Cheptegei
73%
Shot put men (23.56m) Ryan Crouser
73%
400m hurdles women (50.37) Sydney McLaughlin
73%
4 x 400 relay men (2:54.29) United States
73%
400m men (43.03) Wayde van Niekerk
73%
100m women (10.49) Florence Griffith-Joyner
67%
200m women (21.34) Florence Griffith-Joyner
67%
4 x 100m relay men (36.84) Jamaica
67%
Marathon men (1:59:30) Sabastian Sawe
67%
4 x 100 relay women (40.82) USA
67%
110m hurdles (12.80) Aries Merritt
60%
Javelin throw women (72.28m) Barbora Špotáková
60%
1500m women (3:48.68) Faith Kipyegon
60%
5000m men (12:35.36) Josua Cheptegei
60%
400m hurdles (45.94) Karsten Warholm
60%
3000m steeplechase men (7:52.11) Lamecha Girma
60%
Long jump men (8.95m) Mike Powell
60%
10,000m women (28:54.14) Beatrice Chebet
53%
Heptathlon (7291) Jackie Joyner-Kersee
53%
Decathlon (9126) Kevin Mayer
53%
Discus throw men (75.56m) Mykolas Alekna
53%
High jump women (2.10m) Yaroslava Mahuchikh
53%
Pole vault women (5.06m) Yelena Isinbayeva
53%
Triple jump women (15.74m) Yulimar Rojas
53%
Hammer throw women (82.98m) Anita Wlodarczyk
47%
5000m women (13:58.06) Beatrice Chebet
47%
Javelin throw men (98.48m) Jan Zelezny
47%
800m women (1:53.28) Jarmila Kratchvilova
47%
400m women (47.60) Marita Koch
47%
4 x 400 relay mixed (3:07.41) USA
47%
Shot put women (22.63m) Natalya Lisovskaya
40%
Marathon women (2:15:41) Tigst Assefa
40%
100m hurdles (12.12) Tobi Amusan
40%
20km walk men (1:16:36) Yusuke Suzuki
40%
3000m steeplechase women (8:44.32) Beatrice Chepkoech
33%
Long jump women (7.52m) Galina Chistyakova
33%
Hammer throw men (86.74m) Yuriy Sedykh
33%
20km walk women (1:23:49) Yang Jiayu
27%
Discus throw women (76.80m) Gabriele Reinsch
20%
4 x 400 relay women (3:15.17) Soviet Union
20%
No matching quizzes found
Score Distribution
Percent of People with Each Score
Percentile by Number Answered
Your Score History
You have not taken this quiz since the last reset